Marques automobiles - Statistiques

Statistiques générales
  • Ce quiz a été pris 115 fois
  • Le résultat moyen est 33 sur 139
Statistiques - réponses
Hint Marques % Correct
France Renault
97%
France Peugeot
94%
France Citroën
92%
Italie Ferrari
92%
Italie Lamborghini
81%
Allemagne BMW
80%
USA Ford
79%
Italie Fiat
78%
Allemagne Audi
77%
France Bugatti
76%
Japon Toyota
75%
Allemagne Porsche
73%
Allemagne Volkswagen
67%
France Alpine
65%
Roumanie / France Dacia
65%
Allemagne Mercedes-Benz
64%
USA Chevrolet
59%
Royaume-Uni Bentley
57%
Japon Honda
57%
Royaume-Uni Rolls-Royce
56%
Japon Nissan
55%
Royaume-Uni Aston Martin
54%
Italie Maserati
53%
Espagne Seat
51%
Corée du Sud Hyundai
50%
Suède Volvo
49%
France DS
48%
République Tchèque Skoda
48%
USA Dodge
47%
Allemagne Opel
46%
Italie Lancia
45%
Royaume-Uni Land Rover
45%
USA Tesla
45%
Corée du Sud KIA
43%
Japon Mitsubishi
43%
USA Jeep
40%
Royaume-Uni Jaguar
39%
USA Cadillac
38%
Royaume-Uni Lotus
38%
Japon Mazda
38%
Royaume-Uni McLaren
38%
Royaume-Uni / Chine MG
38%
Suède Koenigsegg
36%
Italie Pagani
34%
Japon Subaru
32%
Espagne Cupra
31%
USA GM
31%
Japon Lexus
31%
Italie Abarth
30%
Russie Lada
29%
USA Chrysler
27%
Inde Tata
23%
USA GMC
22%
USA Pontiac
22%
Allemagne Brabus
21%
USA RAM
21%
Japon Infiniti
20%
Autriche KTM
18%
Croatie Rimac
18%
Royaume-Uni Rover
18%
Royaume-Uni Austin
16%
France Ligier
16%
USA Hummer
15%
USA Shelby
14%
France Venturi
14%
Royaume-Uni AC
13%
Allemagne Alpina
13%
Allemagne Mansory
13%
Italie DeTomaso
11%
France Aixam
10%
Royaume-Uni Vauxhall
10%
Allemagne Mercedes-AMG
9%
Royaume-Uni TVR
9%
Allemagne ABT
8%
Allemagne Apollo
8%
Italie Pininfarina
8%
Suède Polestar
8%
USA Acura
7%
Japon (Marque Virtuelleissue d'un jeu vidéo) Gran Turismo
7%
Australie Holden
7%
USA Plymouth
7%
Autriche RedBull
7%
Corée du Sud Genesis
6%
USA Hennessey
6%
Danemark Zenvo
6%
USA Saleen
5%
Royaume-Uni Ariel
4%
Émirats Arabes Unis Devel
4%
Royaume-Uni Noble
4%
Royaume-Uni Ascari
3%
Royaume-Uni Caterham
3%
Chine NIO
3%
USA Panoz
3%
République Tchèque Praga
3%
Royaume-Uni Radical
3%
Royaume-Uni Ultima
3%
Émirats Arabes Unis W Motors
3%
Royaume-Uni Arash
2%
Australie Brabham
2%
USA Czinger
2%
Royaume-Uni Ginetta
2%
Allemagne Gumpert
2%
USA Hoonigan
2%
Italie Italdesign
2%
USA Lucid
2%
Italie Mazzanti
2%
USA Mosler
2%
USA Saturn
2%
USA SSC
2%
Italie Zagato
2%
Pologne Arrinera
1%
Japon Aspark
1%
USA Eagle
1%
France Genty
1%
Royaume-Uni Gordon Murray Automotive
1%
Chine Hongqi
1%
Chine Leap motors
1%
Royaume-Uni McMurty
1%
France Mega
1%
USA Rivian
1%
USA Singer
1%
Italie Vector
1%
Italie 777 Motors
0%
Italie Estrema
0%
USA Glickenhaus
0%
Allemagne Isdera
0%
Italie Isotta Fraschini
0%
Russie Marussia
0%
Allemagne Mercedes-Maybach
0%
Royaume-Uni Radford
0%
USA Rezvani
0%
Espagne Spania Motors
0%
Chine Techrules
0%
Italie Touring Superleggiera
0%
USA TRION
0%
USA Tuthill
0%
USA Vandal
0%
Autriche Vanwall
0%
Émirats Arabes Unis Zarooq
0%
Aucun quiz correspondant
Distribution des résultats
% des personnes avec chaque résultat
Percentile par nombre de réponses
Votre historique - résultats
Vous n’avez pas pris ce quiz